| 000 | 00000nam 2200000za 4500 |
| 001 | 9.822064 |
| 003 | CaOODSP |
| 005 | 20221107143616 |
| 007 | cr ||||||||||| |
| 008 | 160811s2008 quc |o f|0| 0 eng d |
| 040 | |aCaOODSP|beng |
| 043 | |an-cn--- |
| 086 | 1 |aCH6-42/2008E-PDF |
| 110 | 1 |aCanada.|bCanadian Heritage.|bAudit and Assurance Services Directorate. |
| 245 | 10|aAudit of the Aboriginal Peoples' Program |h[electronic resource] : |bAboriginal Communities Component / |cOffice of the Chief Audit and Evaluation Executive, Audit and Assurance Service Directorate. |
| 260 | |a[Gatineau, Quebec] : |bCanadian Heritage, |c2008. |
| 300 | |aiv, 15, [3] p. |
| 500 | |aIssued also in French under title: Vérification du volet communautés autochtones du programme des autochtones. |
| 500 | |a"December 2008." |
| 520 | |aThe Aboriginal Peoples’ Program (APP) is currently managed by the Aboriginal Affairs Branch within the Citizenship and Heritage Sector. The APP enables Aboriginal people to address the social, cultural, economic and political issues affecting their lives. Its aim is to increase the participation, and strengthen the cultural revitalization of Aboriginal people in Canadian society. |
| 692 | 07|2gccst|aAudit |
| 692 | 07|2gccst|aAboriginal programs |
| 775 | 08|tVérification du volet communautés autochtones du programme des autochtones |w(CaOODSP)9.822445 |
| 856 | 40|qPDF|s266 KB|uhttps://publications.gc.ca/collections/collection_2016/pch/CH6-42-2008-eng.pdf |